000 00551nam a22002297a 4500
999 _c7103
_d7103
001 7103
003 BD-JhCC
005 20180519102046.0
008 180205b xxu||||| |||| 00| 0 eng d
035 _a(BD-JhCC)7103
040 _aBD-JhCC
_dBD-JhCC
041 _aeng
082 _a959.70431
_bKAL 1983
100 _aKalam. Abul
245 _aPeacemaking in Indochina /
_cAbul Kalam
260 _aDhaka :
_bThe City press,
_c1983.
300 _a458 p. :
_c26 cm.
650 _aPeace
650 _aVietnam war
942 _2ddc
_cBK